Sanat - "Nukkumatti" - Statistics

Yleistilastot
  • Tätä visaa on pelattu 11 kertaa
  • Keskiarvotulos 30 / 106
Vastaustilastot
Vastaus % Oikein
jo
82%
lapset
73%
Joutuin
64%
joutuin
64%
nukkumatin
55%
luo
45%
niin
45%
nyt
45%
sen
45%
tuo
45%
vain
45%
höyhensaarehen
36%
36%
on
36%
aamun
27%
herätä
27%
koittohon
27%
kun
27%
Maija
27%
Nukke
27%
nukke
27%
nukkuu
27%
pikku
27%
taika
27%
tontut
27%
uuden
27%
venehen
27%
Äiti
18%
ei
18%
ketterinä
18%
Noin
18%
nukkumaan
18%
saan
18%
vuoteessaan
18%
arvannetteko
9%
aurinko
9%
emme
9%
ensin
9%
heretä
9%
jouduttaa
9%
kai
9%
kasvot
9%
käymme
9%
käyn
9%
ken
9%
keretä
9%
korkeella
9%
kulta
9%
leikit
9%
leikkiä
9%
Liisa
9%
lopussa
9%
maata
9%
malta
9%
meit
9%
nytkö
9%
Pekka
9%
pestä
9%
riemulla
9%
täytyis
9%
täytyy
9%
tehdä
9%
valmistaa
9%
väsytä
9%
viel
9%
vielä
9%
vuode
9%
vuorossaan
9%
hertas
0%
Ehtoja vastaavia visoja ei löytynyt
Tulosjakauma
Jokaisen tuloksen saaneiden osuus
Persentiili vastausten määrän mukaan
Tuloshistoriasi
Et ole pelannut tätä visaa